Normal view
MARC view
Entry Topical Term
001 - CONTROL NUMBER
- control field: 9136
003 - CONTROL NUMBER IDENTIFIER
- control field: BD-RjUL
005 - DATE AND TIME OF LATEST TRANSACTION
- control field: 20230921145559.0
008 - FIXED-LENGTH DATA ELEMENTS
- fixed length control field: 230921|| aca||aabn | a|a d
040 ## - CATALOGING SOURCE
- Original cataloging agency: BD-RjUL
- Transcribing agency: BD-RjUL
150 ## - HEADING--TOPICAL TERM
- Topical term or geographic name entry element: Plant Injuries
- Form subdivision: Weed
670 ## - SOURCE DATA FOUND
- Source citation: Work cat.: (BD-RjUL)81968: Asadujjaman, Md. 9133, Development of Low Cost Weed Based Aquaculture Technology in Ponds /, 2014